| 000 | 00373nam a2200133Ia 4500 | ||
|---|---|---|---|
| 008 | 210210b1994 xxu||||| |||| 00| 0 eng d | ||
| 082 | _a398.1K AMBJ | ||
| 100 | _aAMBALIKE HIRIYANNA. | ||
| 245 | _aJanapada: kelavu adhyayanagalu. | ||
| 260 |
_aBengaluru _bKarnataka Janapada mattu Yakshagana Akademi., _c1994 |
||
| 300 | _axii,148 | ||
| 690 | _aFolklore | ||
| 906 | _aSG04184 | ||
| 999 |
_c114840 _d114840 |
||